000 00703cam a22002417a 4500
001 001810
003 armpunfd
005 20140612090650.0
008 051017e0####xx#a##########000#0#und#d
040 _aarmpunfd
_carmpunfd
080 _a347.72.031 D 262
100 1 0 _a Dasso, Ariel Angel
245 1 0 _aEl derecho de separacion o receso del accionista
260 _a Uenos Aires : La Ley
_b1985. 2ยบ Ed.494 P.
650 7 _a Accionistas
_2LEMB
650 7 _a Efectos Del Receso
_2LEMB
650 7 _a Receso
_2LEMB
650 7 _a Separacion
_2LEMB
650 7 _a Sociedades Comerciales
_2LEMB
650 7 _a Teoria Del Receso
_2LEMB
942 _cLB
_2cdu
945 _aCatalis
_d2010-08-19
999 _c1801
_d232305